Statistiques concernant Comptez aussi haut que possible en binaire - 15 secondes sprint

Cliquez ici pour prendre le quiz!

Statistiques générales

  • Ce quiz a été pris 458 fois
  • Le résultat moyen est 7 sur 28

Statistiques - réponses

#% Correct
1
100%
10
79%
11
63%
100
56%
101
49%
110
43%
111
41%
1000
35%
1001
31%
1010
28%
1011
25%
1100
19%
1101
18%
1110
10%
1111
8%
10000
6%
10001
5%
10010
5%
10011
5%
10100
5%
10101
4%
10110
4%
10111
3%
11000
3%
11001
2%
11010
2%
11011
0%
11100
0%

Distribution des résultats

Percentile par nombre de réponses

% des personnes avec chaque résultat

Votre développement - résultats

Vous n’avez pas pris ce quiz